| 000 | 00764nam a2200217Ia 4500 | ||
|---|---|---|---|
| 001 | 15328 | ||
| 003 | GE_BSU | ||
| 008 | 181216s||||||||xx |||||||||||||| ||und|| | ||
| 040 | _cGE_BSU | ||
| 080 | _a821.353.1-1 +821.353.1-11 | ||
| 100 | _aქურდიანი,ემელიან | ||
| 245 | _aსიცოცხლის გადარჩენა | ||
| 245 | _bლექსები, ბალადები, პოემა | ||
| 260 | _a[სუხუმი] | ||
| 260 | _bაფხაზეთის სახელგამი | ||
| 260 | _c1953 | ||
| 300 | _a177გვ.20სმ. | ||
| 653 | _aლექსები, ბალადები, პოემა | ||
| 653 | _aსიცოცხლის გადარჩენა | ||
| 942 | _cBK | ||
| 999 |
_c48436 _d48436 |
||